Quizzes
Events
Quiz Creation
Community
Videos
Private Events
Remove Ads
Sign In
Join for FREE
Feedback
Dark Mode
Quiz Categories
Sports
Geography
Music
Movies
Television
Just For Fun
Miscellaneous
History
Literature
Language
Science
Gaming
Entertainment
Religion
Holiday
For Kids
Quiz Lab
Recent
Popular Today
Quiz Kudos Today
Editor Picks
Curator Picks
Quizzes by...
Day
Popularity
Type
Ratings
Length
Year
Community
Subscriptions
Recent Discussions
Orange Saloon
Badges
Playlists
Quests
Create
Leaderboards
Showdown
Live 5
Trivia Bingo
Activity
Puzzle Library
Sporcle Events
Private Events
Virtual Trivia
Globe League
Become a Host
Pub Owners
SporcleCon
Opinionation
Our Games
Videos
Blog
Mobile Apps
Partnerships
Remove Ads and Go Orange
Feedback
Television
TV Characters
TV Show
Sitcom
Network
Friends
Reality Shows
Cast
South Park
Star Trek
The Simpsons
Doctor Who
Television
TV Characters
TV Show
Sitcom
Network
Friends
Reality Shows
Cast
South Park
Star Trek
The Simpsons
Doctor Who
Random Quiz
Search Sporcle
×
Quiz Lab
Quiz Lab
Television
Celebrity
Type in answers that appear in a list
Type in answers that appear in a list
Classic
Best Score? Go Orange.
Glee - Celebrity Guests Stats
Can you name the Celebrity Guests of the Hit Show Glee?
By
edonngoblue
6m
19 Questions
783 Plays
783 Plays
783 Plays
Comments
Comments
Give Quiz Kudos
Give Quiz Kudos
-
- Ratings
hide this ad
More Info
Replay
Link that replays current quiz
Next Quiz
Link to next quiz in quiz playlist
You Got
0%
They Got
Avg Score
24%
Avg Friend Score
Upgrade to see
Score Distribution
Jump to the score distribution portion of the page
Score
0/19
Timer
06:00
0
Plays Today
Character
Actor
% Correct
Shelby Corcoran
Idina Menzel
72.8%
Bryan Ryan
Neil Patrick Harris
70.8%
Himself
Josh Groban
62.3%
Herself
Olivia Newton-John
57.2%
April Rhodes
Kristin Chenoweth
53.7%
Carl Howell
John Stamos
44.2%
Grace Hitchins
Eve
20.5%
Will’s father
Victor Garber
20.2%
Brenda Castle
Molly Shannon
20.1%
Suzy Pepper
Sarah Drew
7%
Character
Actor
% Correct
Will's Mother
Debra Monk
6.8%
Henri St. Pierre
John Lloyd Young
5.4%
Unconfirmed
Jennifer Lopez
5.4%
Unconfirmed
Susan Boyle
5.1%
Judy Fabray
Charlotte Ross
4.9%
Dalton Rumba
Michael Hitchcock
4.1%
Hank Saunders
Ben Bledsoe
3.5%
Russel Fabray
Gregg Henry
2.6%
board member
John Michael Higgins
0.6%
Quiz Playlist
Details
Report
Send in Message
Add To Playlist
More Info:
There have been numerous guest stars of the hit show Glee. Can you name all of them?
Classic:
Type in answers that appear in a list
Last Updated: Feb 16, 2017
Quiz Scoreboard
CHALLENGE
Sign Up to Join the Scoreboard
Show All
Scores
Hide
Comments
May contain spoilers
Recently Published
NBA Finals Game Top Scorers (2010s)
by flibbidy
Sports
5m
Guess the 'R' Things in 3 Words
by MSUKent
Miscellaneous
3m
Actor to Badly Drawn Movie III
by MoMosMoProblems
Movies
5m
More to Explore
Quiz From the Vault
Featured Blog Post
Where Does Lost Luggage Go?
hide this ad
You Might Also Like...
Tags
Actor Quiz
Celebrity Quiz
Show Quiz
Character
episode
Glee
guest
hit
Today's Top Quizzes in Television
Browse Television
hide this ad
Today's Top Quizzes in Celebrity
Browse Celebrity
Top Contributed Quizzes in Television
1
Hidden Simpsons Character
2
First Name TV: Leading Men
3
Hidden Simpsons Character II
4
Hidden Simpsons Character III
5
First Name TV: Leading Women Drama
6
Hidden Simpsons Character IV
7
Hidden Simpsons Character V
8
Hidden Simpsons Character VI
9
Hidden Simpsons Character VII
10
Hidden Simpsons Character VIII
Explore More
Trending Topics
Crossword
Kpop
NBA
Disney
Harry Potter
Marvel
Anime
Puzzle
Pokémon
WWE
Song
Soccer
NFL
The Office
Country
hide this ad
More By:
edonngoblue
Quiz
Plays
Rating
Category
Featured
Created
Glee - Celebrity Guests
783
3.50
Television
Jun 11, 2010
Go to Creator's Profile
Score Distribution
Quiz Creator Spotlight
edonngoblue
Follow
Send a Message
Quizzes Created
-
Created Quiz Play Count
-
More By This Creator
Popular Quizzes Today
1
Find the US States - No Outlines Minefield
2
Find the US States
3
The Countries of the World
4
10 Largest US States in Order
5
Find the Countries of Europe - No Outlines Minefield
6
US States
7
Guess the 'R' Things in 3 Words
8
NBA Finals Game Top Scorers (2010s)
More Television Quizzes
Who Killed Me?: Peaky Blinders
Curator's Pick
Trending Quizzes
First Name TV: Leading Men
Match the Book to the Film II
First Name TV: Leading Women Drama
3-Word Movies in 1 Word II
Match the Book to the Film VI
Recently Updated
Women's Final Four Teams by Year
bhenderson79
Presidents Quartet II
eogle
Anything But Clue(do)
eogle
Anything But Oceanian Capitals
eogle
Anything But 7
eogle
Anything But Thing
eogle
Word Ladder: February 29
pecheneg
Song Title Questions
pecheneg
Women's NCAA Tournament #1 Seeds
pecheneg
Celebrity Mug Shots
pecheneg
Trending Topics
Anime
Crossword
NBA
Marvel
Disney
Kpop
Harry Potter
Country
NFL
Song
Puzzle
WWE
Soccer
Pokémon
The Office
Your Account Isn't Verified!
In order to create a playlist on Sporcle, you need to verify the email address you used during registration. Go to your
Sporcle Settings
to finish the process.
Report this User
Report this user for behavior that violates our
Community Guidelines
.
Details:
Send Report
Go to the Sporcle.com Mobile Site →
Comments